Clases abiertas CSD 2014 : Conservatorio Superior de Danza : Institut del Teatre Conservatorio Superior de Danza :
Publicado:
Barcelona :
Diputació de Barcelona. Institut del Teatre. Escola d’Ensenyament Secundari i Artístic. Conservatori Professional de Dansa ,
2014
Descripción Física:
1 f. plegat en 3 parts : il. ; 42 x 30 cm plegat a 21 x 15 cm
MARC
| LEADER | 00000nam a2200000Ia 4500 | ||
|---|---|---|---|
| 001 | 24087 | ||
| 003 | BGR | ||
| 005 | 20260324180607.0 | ||
| 008 | 160829s2014 xx 000 0 cat d | ||
| 080 | |a FU-64-39 | ||
| 245 | |a Clases abiertas CSD 2014 : |b Conservatorio Superior de Danza : |b Institut del Teatre | ||
| 260 | |a Barcelona : |b Diputació de Barcelona. Institut del Teatre. Escola d’Ensenyament Secundari i Artístic. Conservatori Professional de Dansa, |c 2014 | ||
| 300 | |a 1 f. plegat en 3 parts : |b il. ; |c 42 x 30 cm plegat a 21 x 15 cm | ||
| 590 | |a Text en castellà. Hi ha el mateix exemplar en català amb R. 24088 | ||
| 650 | |a Institut del Teatre (Barcelona). Conservatori Superior de Dansa |x Proves d'accés |x Guies de l'estudiant |9 49516 | ||
| 710 | 1 | |a Institut del Teatre (Barcelona, Catalunya) |9 52662 |b Conservatori Superior de Dansa | |
| 901 | |a Arxiu | ||
| 942 | |n 1 |2 udc |c MON | ||
| 952 | |0 0 |1 0 |4 0 |6 FU6439 |7 1 |9 55420 |a Arxiu |b Arxiu |d 2016-12-01 |l 0 |o FU-64-39 |p 24087 |r 2016-12-01 00:00:00 |w 2016-12-01 |y ARXIU | ||
| 999 | |c 59293 |d 59293 | ||